Statistics for World Map with 12 Fake Islands

Click here to take the quiz!

General Stats

  • This quiz has been taken 87 times
  • The average score is 7 of 12

Answers on the Map

Answers color-coded by a green-red scale on the quiz's map according to % correct below.
 

Answer Stats

Island% Correct
Australia
100%
Australia
100%
Australia
100%
British Isles
100%
British Isles
100%
British Isles
100%
Cape Verde
100%
Cuba
100%
Cuba
100%
Cuba
100%
Fiji
100%
Fiji
100%
Hispaniola
100%
Hispaniola
100%
Hispaniola
100%
Iceland
100%
Iceland
100%
Japan
100%
Japan
100%
Japan
100%
Madagascar
100%
Madagascar
100%
Madagascar
100%
Madagascar
100%
Madagascar
100%
Madagascar
100%
Madagascar
100%
New Zealand
100%
New Zealand
100%
Philippines
100%
Solomon Islands
100%
Sri Lanka
100%
Sri Lanka
100%
Taiwan
100%
Taiwan
100%
Trinidad and
Tobago
100%
Trinidad and
Tobago
100%
Vanuatu
100%
Trinidad and
Tobago
75%
British Isles
67%
Cuba
67%
Iceland
67%
Iceland
67%
Bahamas
50%
British Isles
50%
Cuba
50%
Cuba
50%
Hispaniola
50%
Hispaniola
50%
Iceland
50%
New Zealand
50%
Solomon Islands
50%
Taiwan
50%
Jamaica
33%
Phiilippines
33%
Sri Lanka
33%
Vanuatu
25%
Bahamas
20%
Australia
0%
Australia
0%
Bahamas
0%
Bahamas
0%
British Isles
0%
British Isles
0%
Cape Verde
0%
Cape Verde
0%
Cuba
0%
Cyprus
0%
Cyprus
0%
Cyprus
0%
Cyprus
0%
Hispaniola
0%
Jamaica
0%
Jamaica
0%
Jamaica
0%
Japan
0%
Madagascar
0%
Madagascar
0%
New Zealand
0%
New Zealand
0%
New Zealand
0%
New Zealand
0%
Philippines
0%
Samoa
0%
Solomon Islands
0%
Solomon Islands
0%
Sri Lanka
0%
Sri Lanka
0%
Sri Lanka
0%
Taiwan
0%
Taiwan
0%
Taiwan
0%
Vanuatu
0%
Vanuatu
0%
Vanuatu
0%

Score Distribution

Percentile by Number Answered

Percent of People with Each Score

Your Score History

You have not taken this quiz